000 01148naa a22003017a 4500
001 BR9102261
003 BR-BrBNA
005 20240918180715.0
007 ta
008 230509b bl.||||| |||| 00| 0 por d
040 _aBR-BrBNA
_bpor
_cBiblioteca Nacional de Agricultura
041 _a(Pt)
072 _aP10; U10
_b/G514
_bGZ65
090 _aP10 BR9102261
100 1 _aSilva, J.T.N. da
100 1 _aNovo, V.L.T.
111 1 _a8. Congresso Nacional de Irrigacao e Drenagem
_cFlorianopolis, SC (Brazil)
_d9-15 Oct 1988
245 1 _aContribuicao para o conhecimento das vazoes minimas na bacia hidrografica do Rio Capivari
260 3 _aFlorianopolis, SC (Brasil):
_c1988.
500 _aAnais do 8. Congresso Nacional de Irrigacao e Drenagem Florianopolis, SC (Brasil): 1988. v. 2 p. 1069-1084 (BR9102261-AM)P10
650 _aBACIA HIDROGRAFICA
650 _aVAZAO
650 _aMODELO MATEMATICO
650 _aSANTA CATARINA
773 0 _tAnais do 8. Congresso Nacional de Irrigacao e Drenagem
_wP10 BR9102261
_gFlorianopolis, SC (Brasil), 1988. v. 2 p. 1069-1084
909 _a202404
_bLucia
_c55
_dLucia Elande
942 _cAM
_2AGRIS
999 _c321747
_d321747